00425 2200169 4500001002100000005001500021035002000036245003600056100001700092250001700109300003200126260003500158082001000193084001600203020002200219650001400241INLIS00000000000057820240822084612 a0010-08240000961 aPerca dan Fanel /cEvi Ariyanti0 aEvi Ariyanti acetakan ke-1 aiv, 36 hlm :bIlus ;c21 cm aJakarta :bGaneca Exact,c2007 a745.5 a745.5 EVI p a978-979-571-449-1 4aKerajinan